Vedecko-technický rozvoj vodného hospodárstva 4. konferencia

Saved in:
Bibliographic Details
Format: Book
Language:Slovak
Published: Bratislava Výskumný ústav vod. hosp. 1986
Edition:1. vyd.
Tags: Add Tag
No Tags, Be the first to tag this record!

MARC

LEADER 00000nam a2200000 4500
001 c033779
005 20221219101019.2
041 0 |a slo 
044 |a SK 
245 1 0 |a Vedecko-technický rozvoj vodného hospodárstva  |b 4. konferencia 
250 |a 1. vyd. 
264 1 |a Bratislava  |b Výskumný ústav vod. hosp.  |c 1986 
300 |a 55 zoš.